Central Library OPAC University of Rajshahi

Islamic constitution / (Record no. 46516)

MARC details
000 -LEADER
fixed length control field 00649nam a2200229 a 4500
001 - CONTROL NUMBER
control field 46516
003 - CONTROL NUMBER IDENTIFIER
rucl marc code BD-RjUL
005 - DATE AND TIME OF LATEST TRANSACTION
control field 20211209054150.0
008 - FIXED-LENGTH DATA ELEMENTS--GENERAL INFORMATION
fixed length control field 160802s1952 pk 001 0 eng
035 ## - SYSTEM CONTROL NUMBER
System control number (BD-RjUL)46635
040 ## - CATALOGING SOURCE
Original cataloging agency DLC
Transcribing agency MNU
Modifying agency STF
-- BD-RjUL
Language of cataloging eng
041 ## - LANGUAGE CODE
Language code of text/sound track or separate title eng
082 ## - DEWEY DECIMAL CLASSIFICATION NUMBER
Edition number 23
Classification number 297
Author mark and year FAI 1952
100 1# - MAIN ENTRY--PERSONAL NAME
Personal name Faruki, Kemal A.
9 (RLIN) 141916
245 10 - TITLE STATEMENT
Title Islamic constitution /
Statement of responsibility, etc. Kemal A. Faruki
260 ## - PUBLICATION, DISTRIBUTION, ETC. (IMPRINT)
Place of publication, distribution, etc. Karachi :
Name of publisher, distributor, etc. Khokhropar Gateway Publications,
Date of publication, distribution, etc. 1952.
300 ## - PHYSICAL DESCRIPTION
Pagination xiii, 146 p. ;
Size 24 cm.
500 ## - GENERAL NOTE
General note Includes index.
650 #0 - SUBJECT ADDED ENTRY--TOPICAL TERM
Topical term or geographic name as entry element Islam and state.
9 (RLIN) 141917
Topical term or geographic name as entry element Constitutional law.
9 (RLIN) 141918
942 ## - ADDED ENTRY ELEMENTS (KOHA)
Source of classification or shelving scheme Dewey Decimal Classification
Koha item type Books
Holdings
Lost status Source of classification or shelving scheme Damaged status Not for loan Collection code Permanent Location Current Location Shelving location Date acquired Source of acquisition Total Checkouts Full call number Date last seen Copy number Koha item type
  Dewey Decimal Classification     Non-fiction Central Library, University of Rajshahi Central Library, University of Rajshahi   04/11/1963 Zeit   297 FAI 1952 02/08/2016 C-2 Books
  Dewey Decimal Classification     Non-fiction Central Library, University of Rajshahi Central Library, University of Rajshahi   02/04/1955 Cassell co.   297 FAI 1952 18/08/2016 C-3 Books